Normal view
MARC view
- Family nursing.
Entry Topical Term
001 - CONTROL NUMBER
- control field: 5848
003 - CONTROL NUMBER IDENTIFIER
- control field: URS
005 - DATE AND TIME OF LATEST TRANSACTION
- control field: 20240704232103.0
008 - FIXED-LENGTH DATA ELEMENTS
- fixed length control field: 240704|| aca||babn | a|a d
040 ## - CATALOGING SOURCE
- Original cataloging agency: URS
150 ## - HEADING--TOPICAL TERM
- Topical term or geographic name entry element: Family nursing.

Journal of the ASEAN Federation of Endocrine Societies
Journal of the Philippine Dermatological Society


Phil. Journal of Health Research & Development
Phil. Journal of Neurology
Philippine Journal of Nuclear Medicine
Philippine Journal of Ophthalmology





JSTOR
Philippine eJournals
Tritech Digital Media
Bangko Sentral ng Pilipinas Resources











Philippine Daily Inquirer
